[Event "Heusenstamm Sparkassen op 11th"]
[Site "Heusenstamm"]
[Date "2024.11.24"]
[Round "7"]
[White "Pradeep, Harshill"]
[Black "Henrich, Thomas"]
[Result "1/2-1/2"]
[WhiteElo "1894"]
[BlackElo "2085"]
[PlyCount "160"]
[EventDate "2024.11.21"]
[EventType "swiss"]
[EventRounds "7"]
[EventCountry "GER"]
[SourceTitle "CB51_2024"]
[SourceDate "2024.12.18"]
[SourceVersion "1"]
[SourceVersionDate "2024.12.18"]
[SourceQuality "1"]

1. e4 c5 2. Nf3 Nc6 3. Bb5 Nf6 4. Nc3 g6 5. Bxc6 dxc6 6. h3 Bg7 7. d3 0-0 8. 0-0 Qc7 9. Be3 b6 10. a4 a5 11. Qd2 Re8 12. Nh2 Ba6 13. f4 Rad8 14. Rad1 c4 15. Qf2 Rb8 16. d4 Qd7 17. d5 b5 18. axb5 Bxb5 19. Qf3 Qb7 20. Nxb5 Qxb5 21. dxc6 Qxc6 22. e5 Ne4 23. Rfe1 f5 24. Bd4 e6 25. Nf1 Qa4 26. Nd2 Nxd2 27. Rxd2 Red8 28. Red1 Bf8 29. Bc3 Rxd2 30. Rxd2 Qb5 31. Qf1 a4 32. Kh2 Qc6 33. Qd1 Rb7 34. Rd8 Kf7 35. Rd2 Be7 36. Rd4 Bc5 37. Rd8 Be7 38. Rd4 Ke8 39. Qe2 Rc7 40. Rd1 h5 41. Qe1 h4 42. Bb4 Qe4 43. Qd2 Kf7 44. Bxe7 Rxe7 45. Qf2 g5 46. Rd4 Qb7 47. fxg5 Kg6 48. Qxh4 Rh7 49. Qf4 Qxb2 50. Rxc4 a3 51. Rc6 Re7 52. g4 Kg7 53. gxf5 exf5 54. Qxf5 Qxe5+ 55. Qxe5+ Rxe5 56. Ra6 Rxg5 57. Rxa3 Rc5 58. c3 Kf6 59. Kg3 Rc4 60. Rb3 Kg5 61. Kg2 Kh5 62. Kf2 Kg5 63. Ke2 Rh4 64. Kd3 Kf6 65. Rb2 Ke5 66. Rd2 Kd5 67. Kc2+ Kc4 68. Rd3 Rf4 69. Rg3 Rf2+ 70. Kd1 Rh2 71. Ke1 Rc2 72. h4 Rh2 73. Kf1 Rxh4 74. Kg2 Rf4 75. Re3 Rf8 76. Rg3 Rf7 77. Rh3 Rf8 78. Re3 Rf7 79. Rf3 Rxf3 80. Kxf3 Kxc3 1/2-1/2

[Event "Heusenstamm Sparkassen op 11th"]
[Site "Heusenstamm"]
[Date "2024.11.23"]
[Round "5"]
[White "Pradeep, Harshill"]
[Black "Akturk, Mustafa Deniz"]
[Result "0-1"]
[WhiteElo "1894"]
[BlackElo "1888"]
[PlyCount "148"]
[EventDate "2024.11.21"]
[EventType "swiss"]
[EventRounds "7"]
[EventCountry "GER"]
[SourceTitle "CB51_2024"]
[SourceDate "2024.12.18"]
[SourceVersion "1"]
[SourceVersionDate "2024.12.18"]
[SourceQuality "1"]

1. e4 c5 2. Nc3 e6 3. f4 Nc6 4. Nf3 a6 5. a4 Nge7 6. d3 d5 7. g3 b6 8. Bg2 Bb7 9. 0-0 dxe4 10. dxe4 Qxd1 11. Rxd1 Nb4 12. Ne1 Nec6 13. Ne2 Nd4 14. Nxd4 cxd4 15. Bd2 Rd8 16. c3 dxc3 17. Bxc3 Bc5+ 18. Kh1 0-0 19. Bxb4 Bxb4 20. Nd3 Rd4 21. Ne5 Rfd8 22. Rxd4 Rxd4 23. Rc1 Bc5 24. Nc4 a5 25. e5 Ba6 26. Bf1 h6 27. h4 h5 28. b3 Kh7 29. Kh2 Kg6 30. Rc3 Rd1 31. Be2 Re1 32. Rc2 Bb7 33. g4 Rh1+ 34. Kg3 Rg1+ 35. Kh3 hxg4+ 36. Bxg4 Be4 37. Rd2 Rf1 38. Kg3 Rg1+ 39. Kh3 Rh1+ 40. Kg3 Be7 41. h5+ Kh7 42. Rh2 Ra1 43. Kh3 Bd3 44. Ne3 Bc5 45. Rd2 Be4 46. Nc4 Rh1+ 47. Kg3 Bb4 48. Rh2 Be1+ 49. Kh3 Rg1 50. Re2 Bd3 51. Re3 Bf1+ 52. Kh2 Rg2+ 53. Kh1 Rxg4 54. Rxe1 Bxc4 55. bxc4 Rxf4 56. Rc1 Rh4+ 57. Kg2 Rxh5 58. c5 bxc5 59. Rxc5 Kg6 60. Rxa5 Rh4 61. Ra7 Re4 62. Ra5 Kf5 63. Ra7 f6 64. exf6 gxf6 65. a5 Ra4 66. a6 Ra3 67. Ra8 Kf4 68. a7 Ra2+ 69. Kg1 e5 70. Rf8 Rxa7 71. Rxf6+ Ke3 72. Kg2 e4 73. Rf2 Ra1 74. Rb2 Rd1 0-1

[Event "GER-ch U10"]
[Site "Willingen"]
[Date "2024.05.21"]
[Round "5"]
[White "Sauer, Ben"]
[Black "Pradeep, Harshill"]
[Result "0-1"]
[WhiteElo "1626"]
[BlackElo "1852"]
[PlyCount "108"]
[EventDate "2024.05.19"]
[EventType "swiss"]
[EventRounds "11"]
[EventCountry "GER"]
[SourceTitle "CBM 220 Extra"]
[Source "ChessBase"]
[SourceDate "2024.07.31"]
[SourceVersion "1"]
[SourceVersionDate "2024.07.31"]
[SourceQuality "1"]

1. e4 e5 2. Nf3 Nc6 3. Bc4 Nf6 4. d3 h6 5. 0-0 d6 6. c3 g5 7. Ne1 Bg7 8. Nc2 Na5 9. Ne3 Nxc4 10. Nxc4 0-0 11. Re1 Be6 12. Ne3 d5 13. exd5 Nxd5 14. Nxd5 Qxd5 15. Qe2 Rad8 16. Qe4 f5 17. Qxd5 Rxd5 18. Nd2 Rxd3 19. Nb3 Rfd8 20. Be3 Bxb3 21. axb3 a6 22. f3 f4 23. Bc1 Bf6 24. Kf1 h5 25. h3 g4 26. Ke2 g3 27. Ra4 R8d6 28. Rb4 b5 29. Re4 Kf7 30. b4 Kg6 31. Rf1 Kf5 32. Re1 c6 33. Rf1 R3d5 34. Re1 Bd8 35. Rf1 a5 36. bxa5 Bxa5 37. Rg1 c5 38. Rf1 h4 39. Rg1 c4 40. Rh1 Bb6 41. Re1 Bf2 42. Rf1 Rd7 43. Rh1 Be3 44. Re1 Rd2+ 45. Kf1 Rf2+ 46. Kg1 Bxc1 47. Rxc1 Rdd2 48. Rce1 Rxg2+ 49. Kh1 Rh2+ 50. Kg1 Rd5 51. Kf1 Rxb2 52. Kg1 Rc2 53. Kf1 Rxc3 54. Rb1 Rxf3+ 0-1

[Event "GER-ch U10"]
[Site "Willingen"]
[Date "2024.05.20"]
[Round "3"]
[White "Stoyanov, Victor"]
[Black "Pradeep, Harshill"]
[Result "1/2-1/2"]
[WhiteElo "1652"]
[BlackElo "1852"]
[PlyCount "50"]
[EventDate "2024.05.19"]
[EventType "swiss"]
[EventRounds "11"]
[EventCountry "GER"]
[SourceTitle "CBM 220 Extra"]
[Source "ChessBase"]
[SourceDate "2024.07.31"]
[SourceVersion "1"]
[SourceVersionDate "2024.07.31"]
[SourceQuality "1"]

1. e4 d5 2. exd5 Nf6 3. Bb5+ Bd7 4. Be2 Nxd5 5. d4 e6 6. Nf3 c5 7. 0-0 Nc6 8. c4 Nf6 9. d5 exd5 10. cxd5 Nb4 11. Bc4 Bd6 12. Re1+ Kf8 13. a3 Na6 14. Nc3 Nc7 15. Bg5 Bf5 16. Nh4 h6 17. Bxf6 Qxf6 18. Nxf5 Qxf5 19. Ne4 Rd8 20. Nxd6 Rxd6 21. Qe2 Qd7 22. a4 f6 23. Rad1 Kf7 24. Qc2 Rd8 25. Qb3 b6 1/2-1/2

[Event "Dortmund Sparkassen op-B 51st"]
[Site "Dortmund"]
[Date "2024.??.??"]
[Round "6"]
[White "Kappelhoff, Pius"]
[Black "Pradeep, Harshill"]
[Result "1/2-1/2"]
[WhiteElo "1787"]
[BlackElo "1905"]
[PlyCount "102"]
[EventDate "2024.08.10"]
[EventType "swiss"]
[EventRounds "9"]
[EventCountry "GER"]
[SourceTitle "CBM 221 Extra"]
[Source "ChessBase"]
[SourceDate "2024.09.30"]
[SourceVersion "1"]
[SourceVersionDate "2024.09.30"]
[SourceQuality "1"]

1. e4 e5 2. Nf3 Nc6 3. Bb5 a6 4. Ba4 d6 5. c3 f5 6. exf5 Bxf5 7. 0-0 Bd3 8. Re1 Be7 9. Bc2 Bxc2 10. Qxc2 Nf6 11. d3 h6 12. Be3 Qd7 13. a4 0-0 14. Nbd2 Kh8 15. d4 e4 16. d5 Nxd5 17. Qxe4 Nxe3 18. Qxe3 Rae8 19. Qd3 Qg4 20. Re4 Qf5 21. Qe2 g5 22. Nf1 d5 23. Ng3 Qf7 24. Re6 Bd6 25. Re1 Rxe6 26. Qxe6 Qxe6 27. Rxe6 Bxg3 28. hxg3 Kg7 29. Ne5 Nxe5 30. Rxe5 c6 31. Re6 Rf6 32. Re7+ Rf7 33. Re6 Rd7 34. Kf1 c5 35. Ke2 h5 36. f3 Kh7 37. Ke3 d4+ 38. cxd4 Rxd4 39. Re7+ Kg6 40. Rxb7 Rxa4 41. Rc7 Ra5 42. Rc6+ Kf5 43. Rh6 Rb5 44. Rxh5 Kg6 45. Rh1 Rxb2 46. Rc1 Rxg2 47. Rxc5 Rxg3 48. Rc6+ Kh5 49. Kf2 Rh3 50. Rxa6 Rh4 51. Kg3 Rb4 1/2-1/2